|
|
|
|
| LEADER |
00000nam a2200000 a 4500 |
| 001 |
vtls008389744 |
| 003 |
SK-MaSNL |
| 005 |
20260301140509.0 |
| 008 |
251124s1920 xo slo |
| 015 |
|
|
|a SKSNBA19191938-008765
|
| 035 |
|
|
|a SK01SNKBSKHR20020081961
|
| 035 |
|
|
|a SKM000084424
|
| 040 |
|
|
|a SNK
|b slo
|c SNK
|e AACR2
|
| 041 |
0 |
|
|a slo
|
| 044 |
|
|
|a xo
|c SK
|
| 080 |
|
|
|a 885.4-3
|2 1981
|
| 100 |
1 |
|
|a Paulovič, Augustín,
|d 1850-1927
|4 aut
|9 158019
|
| 245 |
1 |
0 |
|a Válečný úženík
|c nap. vydavateľ Augustín Paulovič
|
| 260 |
|
|
|a Trnava
|b n. vl.
|c 1920
|e Trnava
|f Adolf Horovitz
|
| 300 |
|
|
|a 47, [1] s.
|c 8°
|
| 490 |
0 |
|
|a Lacné sošity
|v č. 9
|
| 500 |
|
|
|a Ob. tit.
|
| 504 |
|
|
|a Zoznam Lacných sošitov
|
| 655 |
|
7 |
|a umelecká literatúra
|2 SNKPH
|9 60405
|
| 655 |
|
7 |
|a slovenské romány
|2 SNKPH
|9 70324
|
| 830 |
|
0 |
|a Lacné sošity
|9 426395
|
| 852 |
|
|
|a Slovenská národná knižnica v Martine
|b 10000
|h MS SD 1942/9
|
| 852 |
|
|
|a Univerzitná knižnica v Bratislave
|b 300000
|h SG 48/IX
|
| 958 |
|
|
|a ONDV
|
| 958 |
|
|
|a RK
|
| 958 |
|
|
|a TL
|
| 999 |
|
|
|c 763939
|d 765869
|
| 952 |
|
|
|a SNK
|b SNK
|y VYP
|7 0
|p 17A0492115
|o snkSD 1942/9 D1
|i snkKSF 2075/59
|0 0
|1 0
|4 0
|d 2006-01-24
|l 0
|r 2026-02-24 00:12:25
|w 2026-02-24
|